Stations de radio de Grand Theft Auto IV - Statistiques

Statistiques générales
  • Ce quiz a été pris 9 fois
  • Le résultat moyen est 6 sur 19
Statistiques - réponses
Hint Réponse % Correct
Hip Hop The Beat
100%
Electro, house Electrochoc
75%
Hip Hop old school The Classics
75%
Jazz-funk Fusion FM
50%
Rock alternatif Radio Broker
50%
Chill-out The Journey
50%
Musiques d'Europe de l'Est dont le nom de la radio est tirée du nom d'une ville russe Vladivostok FM
50%
Radio Funk IF99
25%
Jazz JNR
25%
Classic rock Liberty Rock Radio
25%
Station de discussion PLR
25%
Reggaeton (nom provient d'une ville portoricaine San Juan Sounds
25%
R&B The Vibe
25%
Station de discussion Integrity 2.0
0%
Disco et début de l'electro K109 Studio
0%
Punk Hardcore Liberty City Hardcore
0%
Dancehall Massive B Soundsystem
0%
Bob Marley Tuff Gong Radio
0%
Talk Show WKTT Talk Radio
0%
Aucun quiz correspondant
Distribution des résultats
% des personnes avec chaque résultat
Percentile par nombre de réponses
Votre historique - résultats
Vous n’avez pas pris ce quiz